书目信息 |
| 题名: |
销售管理 : 塑造未来的销售领导者Sales management / John F. Tanner Jr., Earl D. Honeycutt Jr., Robert C. Erffmeyer
|
|
| 作者: | 坦纳 , 小厄尔·D·霍尼克特 , 罗伯特·C·厄夫迈耶 | |
| 分册: | ||
| 出版信息: | 北京 中国人民大学出版社 2010.05 |
|
| 页数: | 401页 | |
| 开本: | 20cm | |
| 丛书名: | ||
| 单 册: | ||
| 中图分类: | F713.3 | |
| 科图分类: | ||
| 主题词: | 商业经济--国内 | |
| 电子资源: | ||
| ISBN: | 978-7-300-11767-6 | |
| 000 | 00958nam0 2200217 45 | |
| 001 | 2059480257 | |
| 005 | 20201023163315.28 | |
| 010 | @a978-7-300-11767-6@dRMB 48.00 | |
| 100 | @a20201023d2010 km y0chiy0120 ea | |
| 101 | 0 | @achi |
| 102 | @aCN@b110000 | |
| 200 | 1 | @a销售管理 : 塑造未来的销售领导者Sales management / John F. Tanner Jr., Earl D. Honeycutt Jr., Robert C. Erffmeyer@Axiao shou guan li:su zao wei lai de xiao shou ling dao zhe Sales management/John F.Tanner Jr.,Earl D.Honeycutt Jr.,Robert C.Erffmeyer@f坦纳, 小厄尔·D·霍尼克特, 罗伯特·C·厄夫迈耶@Ftan na,xiao e er·D·huo ni ke te,luo bo te·C·e fu mai ye |
| 210 | @a北京@c中国人民大学出版社@d2010.05 | |
| 215 | @a401页@d20cm | |
| 606 | 0 | @a商业经济@x国内 |
| 690 | @aF713.3@v4 | |
| 701 | 0 | @a坦纳@Atan na |
| 701 | 0 | @a小厄尔·D·霍尼克特@Axiao e er·D·huo ni ke te |
| 701 | 0 | @a罗伯特·C·厄夫迈耶@Aluo bo te·C·e fu mai ye |
| 801 | 0 | @aCN@bPFT@c20201023 |
| 905 | @a10447@dF713.3@eT155 | |
| 销售管理 : 塑造未来的销售领导者Sales management / John F. Tanner Jr., Earl D. Honeycutt Jr., Robert C. Erffmeyer/坦纳, 小厄尔·D·霍尼克特, 罗伯特·C·厄夫迈耶.-北京:中国人民大学出版社,2010.05 |
| 401页;20cm |
| ISBN 978-7-300-11767-6:RMB 48.00 |
| ● |
| 相关链接 |
|
|
|
正题名:销售管理 : 塑造未来的销售领导者Sales man
索取号:F713.3/T155
 
预约/预借
| 序号 | 登录号 | 条形码 | 馆藏地/架位号 | 状态 | 备注 |
| 1 | 1453495 | 214534958 | 社科库409/409社科库 41排2列4层/ [索取号:F713.3/T155] | 在馆 |